|
|
|
|
| LEADER |
00000nam a2200000 a 4500 |
| 001 |
vtls009083090 |
| 003 |
SK-MaSNL |
| 005 |
20260426003301.0 |
| 008 |
240315s2007 xr ho g he 001 0dcze |
| 020 |
|
|
|a 9788070082010
|q (viaz. : Divadelní ústav)
|
| 020 |
|
|
|a 9788020014863
|q (viaz. : Academia)
|
| 040 |
|
|
|a SNK
|b slo
|c SNK
|e AACR2
|
| 041 |
0 |
|
|a cze
|
| 043 |
|
|
|a e-xr---
|a e------
|
| 044 |
|
|
|a xr
|c CZ
|
| 072 |
|
7 |
|a 792
|x Divadlo. Divadelné predstavenia
|2 konspekt
|
| 072 |
|
7 |
|a 929
|x Biografie
|2 konspekt
|
| 080 |
|
|
|a 792
|2 2001
|
| 080 |
|
|
|a 929
|2 2001
|
| 080 |
|
|
|a 792.07
|2 2001
|
| 080 |
|
|
|a 78.071.1/.2
|2 2001
|
| 080 |
|
|
|a (437.3)
|2 2001
|
| 080 |
|
|
|a (4)
|2 2001
|
| 080 |
|
|
|a (031)
|2 2001
|
| 080 |
|
|
|a (031)929
|2 2001
|
| 080 |
|
|
|a ".../17"
|2 2001
|
| 100 |
1 |
|
|a Jakubcová, Alena
|4 aut
|9 601476
|
| 245 |
1 |
0 |
|a Starší divadlo v českých zemích do konce 18. století
|b osobnosti a díla
|c Alena Jakubcová a kolektiv
|
| 250 |
|
|
|a Vyd. 1.
|
| 260 |
|
|
|a Praha
|b Divadelní ústav
|c 2007
|
| 300 |
|
|
|a 759 s.
|b faks., fotogr.
|c 25 cm
|
| 490 |
1 |
|
|a Česká divadelní encyklopedie
|
| 500 |
|
|
|a Spoluvydav.: Academia, Praha
|
| 504 |
|
|
|a Obsahuje bibliogr.
|
| 648 |
|
7 |
|a poč.-18. stor.
|2 SNKPH
|9 468789
|
| 648 |
|
7 |
|a To 18th century
|2 SNKPHeng
|9 468790
|
| 650 |
0 |
7 |
|a divadlo
|2 SNKPH
|9 3335
|
| 650 |
0 |
7 |
|a divadelní umelci
|2 SNKPH
|9 3346
|
| 650 |
0 |
7 |
|a hudobníci
|2 SNKPH
|9 3189
|
| 650 |
0 |
7 |
|a Theater
|2 SNKPHeng
|9 105012
|
| 650 |
0 |
7 |
|a Theater artists
|2 SNKPHeng
|9 333671
|
| 650 |
0 |
7 |
|a Musicians
|2 SNKPHeng
|9 278301
|
| 651 |
|
7 |
|a Česko
|2 SNKPH
|9 16753
|
| 651 |
|
7 |
|a Európa
|2 SNKPH
|9 167569
|
| 651 |
|
7 |
|a Czechia
|2 SNKPHeng
|9 170107
|
| 651 |
|
7 |
|a Europe
|2 SNKPHeng
|9 56249
|
| 655 |
|
7 |
|a encyklopédie
|2 SNKPH
|9 28776
|
| 655 |
|
7 |
|a biografické slovníky
|2 SNKPH
|9 51960
|
| 655 |
|
7 |
|a Encyclopedias
|2 SNKPHeng
|9 90422
|
| 655 |
|
7 |
|a Biographical dictionaries
|2 SNKPHeng
|9 278210
|
| 830 |
|
0 |
|a Česká divadelní encyklopedie
|9 612764
|
| 919 |
|
|
|a 978-80-7008-201-0
|
| 919 |
|
|
|a 978-80-200-1486-3
|
| 999 |
|
|
|c 940844
|d 942774
|
| 952 |
|
|
|t snkJAK 792(437.1)(031)
|a SNKUST
|b SNKUST
|y PREZ
|7 0
|p 17A0559069
|o snkIC 135406
|i snk2007/18043
|8 4
|g 21.87
|0 0
|1 0
|4 0
|d 2007-07-27
|l 0
|r 2025-04-30 00:00:00
|w 2026-02-24
|